Car models starting with H by pictures - Statistics

General Stats
  • This quiz has been taken 71 times
  • The average score is 6 of 10
Answer Stats
Picture Hint Answer % Correct
Lamborghini Huracan
90%
Toyota Hilux
83%
Hummer H1
80%
Pagani Huayra
80%
Honda HR-V
76%
Hudson Hornet
75%
Toyota Hiace
47%
Haval H6
34%
Daihatsu Hijet
22%
UAZ Hunter
15%
No matching quizzes found
Score Distribution
Percent of People with Each Score
Percentile by Number Answered
Your Score History
You have not taken this quiz